[Event "4th American Continental (w)"]
[Site "San Luis ARG"]
[Date "2007.08.31"]
[Round "4.2"]
[White "Amura, Claudia"]
[Black "Nejanky, Maisa"]
[Result "1/2-1/2"]
[WhiteElo "2344"]
[BlackElo "2068"]
[EventDate "2007.08.28"]
[PlyCount "27"]

1.d4 Nf6 2.c4 c5 3.d5 b5 4.cxb5 a6 5.bxa6 g6 6.Nc3 Bxa6 7.g3 d6 8.Bg2 Bg7 
9.Nf3 Nbd7 10.O-O Nb6 11.Rb1 Bc4 12.Nd2 Bxa2 13.Nxa2 Rxa2 14.Qb3 1/2-1/2

[Event "4th American Continental (w)"]
[Site "San Luis ARG"]
[Date "2007.08.31"]
[Round "4.4"]
[White "Cori Tello, Deysi"]
[Black "Ubaldo Suarez, Maria Gisela"]
[Result "1-0"]
[WhiteElo "2144"]
[BlackElo "2077"]
[EventDate "2007.08.28"]
[PlyCount "51"]

1.d4 d5 2.c4 c6 3.Nf3 Nf6 4.Nc3 e6 5.Bg5 Be7 6.e3 Nbd7 7.Qc2 h6 8.Bh4 O-O 
9.Rd1 dxc4 10.Bxc4 Nd5 11.Bg3 Qa5 12.O-O b5 13.Bb3 Bb7 14.Nxd5 cxd5 15.Qd3
Ba6 16.Rfe1 b4 17.Qb1 Rac8 18.e4 dxe4 19.Qxe4 Nf6 20.Qb1 Rfd8 21.Rxe6 Bf8 
22.Ne5 Nd5 23.Nxf7 Rd7 24.Nxh6+ gxh6 25.Qg6+ Rg7 26.Rxa6 1-0

[Event "4th American Continental (w)"]
[Site "San Luis ARG"]
[Date "2007.08.31"]
[Round "4.5"]
[White "Amed, Stephanie"]
[Black "Palao Galan, Maricela"]
[Result "1/2-1/2"]
[WhiteElo "2082"]
[BlackElo "2139"]
[EventDate "2007.08.28"]
[PlyCount "76"]

1.e4 c5 2.Nf3 Nc6 3.d4 cxd4 4.Nxd4 Qb6 5.Nb3 Nf6 6.Nc3 e6 7.Qe2 Bb4 8.Bd2 
O-O 9.a3 Be7 10.e5 Nd5 11.O-O-O d6 12.f4 dxe5 13.fxe5 Qc7 14.Re1 a6 15.Qe4
b5 16.Bd3 g6 17.Nxd5 exd5 18.Qf4 Be6 19.Kb1 a5 20.h4 a4 21.Nc1 Rab8 22.Na2
Rfe8 23.h5 Bf8 24.hxg6 fxg6 25.Rh4 Bg7 26.Reh1 Qxe5 27.Qxe5 Nxe5 28.Rxh7 
Nxd3 29.cxd3 Bf5 30.Nc1 Rb7 31.Bc3 Rbe7 32.Bxg7 Rxg7 33.Rh8+ Kf7 34.Rxe8 
Kxe8 35.Re1+ Kd7 36.Kc2 Rh7 37.Re2 Kd6 38.Kc3 Rc7+ 1/2-1/2

[Event "4th American Continental (w)"]
[Site "San Luis ARG"]
[Date "2007.08.31"]
[Round "4.6"]
[White "Ramon Pita, Vivian"]
[Black "Maggiolo, Elisa"]
[Result "1-0"]
[WhiteElo "2279"]
[BlackElo "2119"]
[EventDate "2007.08.28"]
[PlyCount "111"]

1.d4 f5 2.c4 Nf6 3.g3 g6 4.Bg2 Bg7 5.b4 O-O 6.Bb2 d6 7.Nd2 Nbd7 8.d5 Ne5 
9.Qb3 Rb8 10.Ngf3 Nf7 11.Nd4 Bd7 12.O-O Qe8 13.c5 Nd8 14.c6 Bc8 15.Rac1 
bxc6 16.Nxc6 Nxc6 17.Rxc6 a5 18.a3 axb4 19.axb4 Qd7 20.Rfc1 Ne8 21.Bxg7 
Kxg7 22.Nf3 e5 23.dxe6 Qxe6 24.Qc3+ Qf6 25.Rxc7+ Nxc7 26.Qxc7+ Bd7 27.
Qxd7+ Rf7 28.Qc6 Rxb4 29.e3 Rfb7 30.Nd4 Ra7 31.Qc8 Rb2 32.Rc7+ Rxc7 33.
Qxc7+ Kh6 34.Qc1 Ra2 35.Bd5 Ra5 36.Bf3 g5 37.Qc8 Rc5 38.Qe6 Qxe6 39.Nxe6 
Rc1+ 40.Kg2 Kg6 41.Nd4 Kf6 42.Be2 h6 43.Bd3 Rc5 44.Kf3 f4 45.gxf4 gxf4 46.
Kxf4 Rh5 47.Nf3 Rd5 48.Be4 Ra5 49.h4 Ra2 50.Kg3 Ra4 51.Bc2 Ra1 52.h5 Rh1 
53.Bg6 Rf1 54.Kg2 Ra1 55.Nd4 Ra2 56.Nf5 1-0

[Event "4th American Continental (w)"]
[Site "San Luis ARG"]
[Date "2007.08.31"]
[Round "4.9"]
[White "Justo, Virginia"]
[Black "Buttner, Natalia"]
[Result "1/2-1/2"]
[WhiteElo "2148"]
[BlackElo "2064"]
[EventDate "2007.08.28"]
[PlyCount "54"]

1.e4 e6 2.d4 d5 3.Nc3 Bb4 4.Ne2 dxe4 5.a3 Be7 6.Nxe4 Nf6 7.N2g3 O-O 8.Be2 
Nbd7 9.O-O b6 10.Nxf6+ Nxf6 11.Bf3 Rb8 12.Re1 Bb7 13.Bxb7 Rxb7 14.Qf3 Rb8 
15.c3 Re8 16.Bg5 Qd5 17.Qxd5 Nxd5 18.Bxe7 Nxe7 19.Ne4 Rbd8 20.Rad1 Rd7 21.
Rd2 Red8 22.Rde2 Rd5 23.f4 Ng6 24.g3 Kf8 25.Ng5 h6 26.Nf3 c6 27.Kf2 h5 
1/2-1/2

[Event "4th American Continental (w)"]
[Site "San Luis ARG"]
[Date "2007.08.31"]
[Round "4.11"]
[White "Lovece, Ruth"]
[Black "Plazaola, Maria De los Angeles"]
[Result "0-1"]
[WhiteElo "2005"]
[BlackElo "2061"]
[EventDate "2007.08.28"]
[PlyCount "66"]

1.e4 c5 2.Nf3 a6 3.d4 cxd4 4.Nxd4 Nf6 5.Nc3 e5 6.Nb3 Bb4 7.Bd3 d5 8.exd5 
Nxd5 9.Bd2 Nxc3 10.bxc3 Bd6 11.O-O Nd7 12.a4 O-O 13.a5 Re8 14.Qe2 e4 15.
Bc4 Ne5 16.Qxe4 Ng4 17.Qf3 Qc7 18.Qxf7+ Qxf7 19.Bxf7+ Kxf7 20.h3 Nf6 21.
Be3 Bf5 22.Nd4 Be4 23.f3 Bd5 24.Bf2 Rac8 25.Nf5 Bf4 26.Bd4 g6 27.Bxf6 Kxf6
28.Nd4 Rxc3 29.Kh1 Be5 30.Rfd1 Rc4 31.c3 Rxc3 32.Rab1 Bxd4 33.Rxd4 Bc6 0-1

[Event "4th American Continental (w)"]
[Site "San Luis ARG"]
[Date "2007.08.31"]
[Round "4.12"]
[White "Mateus Urbano, Martha"]
[Black "Vargas Talavera, Gabriela"]
[Result "0-1"]
[WhiteElo "2127"]
[BlackElo "2118"]
[EventDate "2007.08.28"]
[PlyCount "200"]

1.e4 e6 2.d4 d5 3.e5 c5 4.c3 Nc6 5.Nf3 Qb6 6.a3 Bd7 7.b4 cxd4 8.cxd4 Rc8 
9.Be2 a5 10.b5 Nxd4 11.Nxd4 Rxc1 12.Qxc1 Qxd4 13.Qc3 Bc5 14.O-O Qxc3 15.
Nxc3 Bd4 16.Rac1 Bxe5 17.Na4 Nf6 18.Nc5 O-O 19.Nxb7 Bb2 20.Rc2 Bxa3 21.
Nxa5 Bd6 22.Nb7 Be5 23.Nc5 Rb8 24.Rb1 Rb6 25.Nxd7 Nxd7 26.Rc8+ Nf8 27.Rbc1
g6 28.Rd8 Bf6 29.Ra8 Kg7 30.Ra7 Be5 31.h4 h5 32.Kf1 Rb8 33.g3 Bd4 34.Rac7 
Bb6 35.Rc8 Rb7 36.f4 Nd7 37.Ra1 Bd4 38.Rd1 Bb6 39.Ra1 Bd4 40.Rd1 Nb6 41.
Rc6 Bf6 42.Rb1 Bd8 43.Kg2 Ra7 44.Rb3 Kf8 45.Kf3 Ra4 46.Kg2 Ke8 47.f5 exf5 
48.Bf3 Rd4 49.Ra3 Rd2+ 50.Kh3 Rb2 51.Rc5 Be7 52.Rc6 Bxa3 53.Rxb6 Bc5 54.
Rb8+ Kd7 55.Bxd5 Bg1 56.Bg2 f4 57.Rb7+ Ke6 58.gxf4 Rb3+ 59.Bf3 Rxf3+ 60.
Kg2 Rxf4 61.Kxg1 Rxh4 62.b6 Rb4 63.Rb8 Kd7 64.Rb7+ Kc6 65.Rxf7 Rxb6 66.Kg2
Kd6 67.Rf6+ Kc5 68.Rf8 Kd5 69.Kg3 Rb4 70.Kh3 Ke5 71.Kg3 Rb6 72.Kh4 Rf6 73.
Re8+ Kf5 74.Ra8 Rd6 75.Rf8+ Ke6 76.Kg5 Ke7 77.Rf1 Re6 78.Rf2 Kd6 79.Rd2+ 
Kc5 80.Rf2 Kd4 81.Rf1 Kd3 82.Rf4 Re4 83.Rf3+ Ke2 84.Rh3 Rg4+ 85.Kh6 Kf2 
86.Ra3 Kg2 87.Ra2+ Kh1 88.Ra1+ Kh2 89.Ra2+ Rg2 90.Ra4 Kh3 91.Ra3+ Rg3 92.
Ra1 h4 93.Ra4 g5 94.Kh5 Kh2 95.Ra2+ Rg2 96.Ra1 h3 97.Rb1 Rg1 98.Rb2+ Kh1 
99.Ra2 h2 100.Rb2 Rc1 0-1

[Event "4th American Continental (w)"]
[Site "San Luis ARG"]
[Date "2007.08.31"]
[Round "4.13"]
[White "Airapetian, Chouchanik"]
[Black "Colautti, Marcela"]
[Result "1-0"]
[WhiteElo "2162"]
[BlackElo "1929"]
[EventDate "2007.08.28"]
[PlyCount "175"]

1.e4 e6 2.d4 d5 3.Nc3 Nf6 4.Bg5 Be7 5.e5 Nfd7 6.Be3 a6 7.Qg4 g6 8.h4 h5 9.
Qg3 c5 10.f4 cxd4 11.Bxd4 Nc6 12.Bf2 b5 13.Nf3 b4 14.Ne2 Bc5 15.Ned4 Nxd4 
16.Nxd4 Qb6 17.O-O-O Bb7 18.Qg5 Be7 19.Qg3 Bc5 20.Be2 O-O-O 21.Kb1 Kb8 22.
Rhf1 Rc8 23.Bg1 Rhg8 24.Nb3 Bxg1 25.Rxg1 a5 26.Qd3 Rc4 27.Qd2 Rc7 28.Qd4 
Nc5 29.g4 hxg4 30.Rxg4 Rh8 31.Rdg1 Ka7 32.Nxc5 Qxc5 33.Qxc5+ Rxc5 34.Rd1 
Ba6 35.Bf3 Rhc8 36.Rg2 Rc4 37.f5 gxf5 38.h5 Rf4 39.Rg3 Rh4 40.Rg7 Rh8 41.
Rxf7+ Kb6 42.Rf6 Bc8 43.Bxd5 R4xh5 44.Bxe6 Bxe6 45.Rxe6+ Kc7 46.Rf6 f4 47.
e6 Re5 48.Rf7+ Kc6 49.e7 Re8 50.Rxf4 R8xe7 51.b3 Kb5 52.Kb2 Rc7 53.Rd2 
Rec5 54.Rfd4 a4 55.bxa4+ Kxa4 56.a3 Rc4 57.axb4 Rxb4+ 58.Rxb4+ Kxb4 59.
Rd4+ Rc4 60.Rd8 Rc6 61.Rb8+ Kc4 62.c3 Kd3 63.Rb7 Rc8 64.Rd7+ Kc4 65.Rd4+ 
Kc5 66.Rb4 Rd8 67.Kc2 Rd7 68.Rb8 Rc7 69.Kb3 Kc6 70.Kc4 Kd7+ 71.Kb4 Kc6 72.
c4 Ra7 73.Rc8+ Kb7 74.Rh8 Ra1 75.Kb5 Rc1 76.Rh7+ Kb8 77.c5 Rc2 78.Kb6 Rb2+
79.Kc6 Rc2 80.Rb7+ Kc8 81.Ra7 Kb8 82.Rg7 Rc1 83.Rg8+ Ka7 84.Rc8 Rc2 85.Rd8
Rc1 86.Kd6 Kb7 87.Rd7+ Kb8 88.c6 1-0

[Event "4th American Continental (w)"]
[Site "San Luis ARG"]
[Date "2007.08.31"]
[Round "5.1"]
[White "Sanchez Castillo, Sarai"]
[Black "Marrero Lopez, Yaniet"]
[Result "1-0"]
[WhiteElo "2340"]
[BlackElo "2308"]
[EventDate "2007.08.28"]
[PlyCount "86"]

1.e4 e5 2.d4 exd4 3.Qxd4 Nc6 4.Qe3 Nf6 5.Nc3 Bb4 6.Bd2 O-O 7.O-O-O Re8 8.
Qg3 Nxe4 9.Nxe4 Rxe4 10.c3 Be7 11.f4 Ra4 12.Kb1 d6 13.Bd3 Bf6 14.Nf3 Be6 
15.b3 Ra5 16.h4 Qd7 17.Ng5 Bf5 18.Ne4 Bxe4 19.Bxe4 Re8 20.Bc2 Ne7 21.Qd3 
Qf5 22.Qxf5 Rxf5 23.g4 Rc5 24.b4 Rxc3 25.Bxc3 Bxc3 26.a3 d5 27.Rh2 a5 28.
Re2 Kf8 29.b5 h6 30.g5 c6 31.f5 Nc8 32.Rxe8+ Kxe8 33.bxc6 bxc6 34.Ba4 Ne7 
35.Kc2 Be5 36.f6 gxf6 37.gxh6 Kf8 38.Rg1 c5 39.h5 c4 40.h7 f5 41.h6 Ng6 
42.Re1 f6 43.Rg1 Kf7 1-0

[Event "4th American Continental (w)"]
[Site "San Luis ARG"]
[Date "2007.08.31"]
[Round "5.3"]
[White "Nejanky, Maisa"]
[Black "Cori Tello, Deysi"]
[Result "1/2-1/2"]
[WhiteElo "2068"]
[BlackElo "2144"]
[EventDate "2007.08.28"]
[PlyCount "53"]

1.e4 e6 2.d4 d5 3.Nc3 Bb4 4.e5 Ne7 5.f4 c5 6.a3 Bxc3+ 7.bxc3 b6 8.Bb5+ Bd7
9.a4 Nbc6 10.Nf3 Rc8 11.Ba3 Na5 12.O-O Bxb5 13.axb5 cxd4 14.cxd4 Qc7 15.
Rf2 Nf5 16.Bb4 Nc4 17.c3 Qd7 18.Rfa2 Rc7 19.Qd3 Ne7 20.g4 h5 21.h3 hxg4 
22.hxg4 Ng6 23.Rh2 Rxh2 24.Nxh2 Qd8 25.Rf1 Qh4 26.f5 exf5 27.Rxf5 1/2-1/2

[Event "4th American Continental (w)"]
[Site "San Luis ARG"]
[Date "2007.08.31"]
[Round "5.4"]
[White "Palao Galan, Maricela"]
[Black "Pina Vega, Sulennis"]
[Result "1/2-1/2"]
[WhiteElo "2139"]
[BlackElo "2294"]
[EventDate "2007.08.28"]
[PlyCount "51"]

1.d4 Nf6 2.Nf3 d6 3.c4 Nbd7 4.Bf4 g6 5.h3 Bg7 6.e3 O-O 7.Be2 c6 8.O-O Qe8 
9.Nc3 e5 10.Bh2 Qe7 11.Qc2 Ne8 12.b4 f5 13.Rad1 e4 14.Nd2 Ndf6 15.d5 cxd5 
16.Nxd5 Nxd5 17.cxd5 Bd7 18.Rfe1 Be5 19.Bxe5 Qxe5 20.Nc4 Qe7 21.Na5 Rb8 
22.Qd2 Qe5 23.Rc1 g5 24.Qd1 Qg7 25.Qd4 Qxd4 26.exd4 1/2-1/2

[Event "4th American Continental (w)"]
[Site "San Luis ARG"]
[Date "2007.08.31"]
[Round "5.5"]
[White "Amed, Stephanie"]
[Black "Ramon Pita, Vivian"]
[Result "0-1"]
[WhiteElo "2082"]
[BlackElo "2279"]
[EventDate "2007.08.28"]
[PlyCount "90"]

1.e4 e5 2.Nf3 Nc6 3.Bb5 a6 4.Ba4 Nf6 5.O-O Be7 6.Re1 b5 7.Bb3 d6 8.c3 O-O 
9.d4 Bg4 10.Be3 exd4 11.cxd4 d5 12.e5 Ne4 13.Nc3 Bb4 14.Qc1 Nxc3 15.bxc3 
Be7 16.h3 Bf5 17.g4 Bg6 18.Bf4 Na5 19.Bg3 Nc4 20.Bxc4 bxc4 21.Qe3 Be4 22.
Nd2 Bd3 23.a4 Rb8 24.e6 f6 25.h4 Re8 26.f4 f5 27.Nf3 Rb6 28.a5 Rc6 29.gxf5
Bxf5 30.Qe5 g6 31.Ng5 Bf6 32.Qe3 Qe7 33.Qf3 Rd6 34.Nf7 Be4 35.Qg4 Rxe6 36.
f5 Bxf5 37.Nh6+ Kh8 38.Nxf5 gxf5 39.Qxf5 c6 40.Rxe6 Qxe6 41.Qxe6 Rxe6 42.
Kf2 c5 43.Rd1 cxd4 44.cxd4 Re4 45.h5 Kg8 0-1

[Event "4th American Continental (w)"]
[Site "San Luis ARG"]
[Date "2007.08.31"]
[Round "5.9"]
[White "Vargas Talavera, Gabriela"]
[Black "Justo, Virginia"]
[Result "1/2-1/2"]
[WhiteElo "2118"]
[BlackElo "2148"]
[EventDate "2007.08.28"]
[PlyCount "47"]

1.d4 Nf6 2.g3 g6 3.Bg2 Bg7 4.Nf3 O-O 5.O-O d5 6.b3 c5 7.e3 Nc6 8.Bb2 Bg4 
9.Nbd2 cxd4 10.exd4 Ne4 11.h3 Bxf3 12.Nxf3 Rc8 13.c3 e6 14.Qd3 f5 15.Nd2 
Bh6 16.Nxe4 fxe4 17.Qe2 Ne7 18.Bc1 Bxc1 19.Raxc1 Qd6 20.f3 exf3 21.Rxf3 
Rxf3 22.Qxf3 Rf8 23.Qe2 Nf5 24.g4 1/2-1/2

[Event "4th American Continental (w)"]
[Site "San Luis ARG"]
[Date "2007.08.31"]
[Round "5.10"]
[White "Maggiolo, Elisa"]
[Black "Zepeda Cortez, Sonia"]
[Result "0-1"]
[WhiteElo "2119"]
[BlackElo "2045"]
[EventDate "2007.08.28"]
[PlyCount "76"]

1.e4 c5 2.Nf3 Nc6 3.d4 cxd4 4.Nxd4 Nf6 5.Nc3 d6 6.Bc4 Qb6 7.O-O Qxd4 8.Nb5
Qxd1 9.Rxd1 Rb8 10.Nc7+ Kd8 11.Nb5 a6 12.Nc3 e6 13.a4 Be7 14.Be3 Kc7 15.a5
Nd7 16.f4 Nc5 17.Rd2 Rd8 18.Be2 Nb4 19.Rad1 h6 20.g3 b5 21.h4 Bb7 22.Bf3 
f5 23.Kf2 fxe4 24.Bg4 Bf6 25.Ne2 Bd5 26.f5 Rf8 27.Kg1 exf5 28.Bxf5 Be5 29.
Bg4 Bc4 30.Nf4 Rfe8 31.Ng6 Nb7 32.Bb6+ Kc6 33.Rf2 Bxg3 34.Rf8 Nd5 35.Rxe8 
Rxe8 36.Bd4 e3 37.Kg2 e2 38.Bxe2 Bxe2 0-1

[Event "4th American Continental (w)"]
[Site "San Luis ARG"]
[Date "2007.08.31"]
[Round "5.12"]
[White "Mateus Urbano, Martha"]
[Black "Airapetian, Chouchanik"]
[Result "1-0"]
[WhiteElo "2127"]
[BlackElo "2162"]
[EventDate "2007.08.28"]
[PlyCount "80"]

1.e4 e5 2.Nc3 d6 3.Nf3 Be7 4.d4 Nd7 5.Bc4 Ngf6 6.Ng5 O-O 7.Bxf7+ Rxf7 8.
Ne6 Qe8 9.Nxc7 Qd8 10.Nxa8 b6 11.dxe5 dxe5 12.Nd5 Bc5 13.Be3 Bxe3 14.Nxe3 
Bb7 15.f3 Bxa8 16.O-O Qc7 17.Nf5 Nf8 18.c3 Ne6 19.Qb3 Nc5 20.Qc4 Bb7 21.b4
Ba6 22.b5 Bc8 23.Ne3 Be6 24.Nd5 Nxd5 25.exd5 Rf4 26.Qe2 Bxd5 27.Rfe1 e4 
28.fxe4 Nxe4 29.Qe3 Rf6 30.Rad1 Bb7 31.Qd4 Rd6 32.Qe5 Qf7 33.Rf1 Qg6 34.
Qe7 Nf6 35.Qxb7 Rxd1 36.Qa8+ Qe8 37.Qxe8+ Nxe8 38.Rxd1 Nf6 39.Rd8+ Kf7 40.
Ra8 Nd5 1-0

[Event "4th American Continental (w)"]
[Site "San Luis ARG"]
[Date "2007.08.31"]
[Round "5.13"]
[White "Colautti, Marcela"]
[Black "Lovece, Ruth"]
[Result "1/2-1/2"]
[WhiteElo "1929"]
[BlackElo "2005"]
[EventDate "2007.08.28"]
[PlyCount "142"]

1.d4 d5 2.c4 e6 3.Nf3 c6 4.e3 Nf6 5.Bd3 Bd6 6.b3 O-O 7.Bb2 Nbd7 8.Nbd2 b6 
9.O-O Bb7 10.Ne5 Rc8 11.e4 dxe4 12.Nxe4 Nxe4 13.Bxe4 f5 14.Bc2 Bxe5 15.
dxe5 Qe7 16.f4 Rfd8 17.Qf3 Nb8 18.Qc3 c5 19.Rad1 Nc6 20.Qe3 Nb4 21.Bb1 
Rxd1 22.Rxd1 Rd8 23.Rd2 Nc6 24.a3 a5 25.Bc3 Rxd2 26.Qxd2 Qd8 27.Qxd8+ Nxd8
28.b4 axb4 29.axb4 Ba6 30.Ba2 cxb4 31.Bd4 b5 32.cxb5 Bxb5 33.Bb6 Nf7 34.
Bxe6 g6 35.Bc5 Kg7 36.Bxb4 Nd8 37.Bb3 Bd7 38.Kf2 Ne6 39.Ke3 Kf7 40.g3 Bb5 
41.Kd2 Bd7 42.Kc3 Ke8 43.Bd6 Bc8 44.Kc4 Nd8 45.Kb5 h6 46.Kb6 Bd7 47.Bb4 
Ne6 48.Bd5 Kf7 49.h3 h5 50.Bc5 Ke8 51.Be3 Kf7 52.Bf3 Ke8 53.Bc6 Bxc6 54.
Kxc6 Kf7 55.Kd6 Ng7 56.Kd5 Ne6 57.Bb6 Ng7 58.Bd8 Ne6 59.Bf6 Nf8 60.Kd4 
Ne6+ 61.Ke3 Nc5 62.Kf3 Ne6 63.g4 hxg4+ 64.hxg4 Nc5 65.gxf5 gxf5 66.Ke3 Ne6
67.Bg5 Nc5 68.Kd4 Ne6+ 69.Kd5 Nf8 70.Kd6 Ne6 71.Bh6 Nd4 1/2-1/2

[Event "4th American Continental (w)"]
[Site "San Luis ARG"]
[Date "2007.09.02"]
[Round "6.1"]
[White "Amura, Claudia"]
[Black "Sanchez Castillo, Sarai"]
[Result "1/2-1/2"]
[WhiteElo "2344"]
[BlackElo "2340"]
[EventDate "2007.08.28"]
[PlyCount "53"]

1.d4 d5 2.c4 c6 3.Nf3 Nf6 4.Nc3 e6 5.Bg5 Nbd7 6.cxd5 exd5 7.e3 Qa5 8.Bd3 
Bb4 9.Qc2 h6 10.Bh4 c5 11.dxc5 Bxc3+ 12.bxc3 Qxc5 13.O-O O-O 14.Rfd1 b6 
15.Rab1 Bb7 16.Rb5 Qc8 17.Bf5 Qe8 18.Rb4 g6 19.Bh3 Nh5 20.Rbd4 Ne5 21.Nxe5
Qxe5 22.Bg4 Nf6 23.Bxf6 Qxf6 24.Qd2 Rab8 25.a4 h5 26.Bh3 Bc8 27.Bxc8 
1/2-1/2

[Event "4th American Continental (w)"]
[Site "San Luis ARG"]
[Date "2007.09.02"]
[Round "6.2"]
[White "Ramon Pita, Vivian"]
[Black "Lujan, Carolina"]
[Result "1/2-1/2"]
[WhiteElo "2279"]
[BlackElo "2394"]
[EventDate "2007.08.28"]
[PlyCount "30"]

1.d4 d5 2.Nf3 Nc6 3.g3 g6 4.Bg2 Bg7 5.O-O e6 6.c3 Nge7 7.Nbd2 f5 8.Nb3 O-O
9.Bf4 h6 10.h4 b6 11.Nc1 a5 12.Nd3 Bb7 13.Qd2 Kh7 14.Qe3 Qc8 15.Nfe5 Ng8 
1/2-1/2

[Event "4th American Continental (w)"]
[Site "San Luis ARG"]
[Date "2007.09.02"]
[Round "6.3"]
[White "Zuriel, Marisa"]
[Black "Nejanky, Maisa"]
[Result "1-0"]
[WhiteElo "2184"]
[BlackElo "2068"]
[EventDate "2007.08.28"]
[PlyCount "77"]

1.e4 c5 2.Nf3 d6 3.d4 Nf6 4.Nc3 cxd4 5.Nxd4 g6 6.Be3 Bg7 7.f3 a6 8.Qd2 h5 
9.Bc4 b5 10.Bb3 Bb7 11.a4 b4 12.Nd5 a5 13.O-O Nbd7 14.c3 bxc3 15.Nxc3 O-O 
16.Kh1 Rc8 17.Rac1 Nc5 18.Ba2 Qd7 19.Bh6 e6 20.Bxg7 Kxg7 21.Bc4 Ba6 22.
Bxa6 Nxa6 23.Ndb5 Rfd8 24.Rfd1 Ne8 25.Ne2 Nc5 26.Qc2 Qe7 27.Ra1 Na6 28.Qd2
Nb4 29.Rac1 d5 30.e5 Qb7 31.Ned4 Rc4 32.Rxc4 dxc4 33.Nxe6+ fxe6 34.Qxd8 
Nd3 35.Rd2 Qf7 36.Qd4 Qb7 37.Nd6 Nxd6 38.exd6+ e5 39.Qxc4 1-0

[Event "4th American Continental (w)"]
[Site "San Luis ARG"]
[Date "2007.09.02"]
[Round "6.5"]
[White "Marrero Lopez, Yaniet"]
[Black "Ubaldo Suarez, Maria Gisela"]
[Result "1-0"]
[WhiteElo "2308"]
[BlackElo "2077"]
[EventDate "2007.08.28"]
[PlyCount "55"]

1.e4 c5 2.Nf3 d6 3.d4 cxd4 4.Nxd4 Nf6 5.Nc3 g6 6.Be3 Bg7 7.f3 O-O 8.Qd2 
Nc6 9.g4 Bd7 10.h4 Ne5 11.O-O-O Rc8 12.h5 b5 13.hxg6 fxg6 14.Bh6 Rf7 15.
Bxg7 Rxg7 16.Ncxb5 Qb6 17.g5 Nh5 18.f4 Nc4 19.Bxc4+ Rxc4 20.Nc3 Nxf4 21.
Qxf4 Rxd4 22.Rxd4 e5 23.Qf6 Rf7 24.Nd5 Rxf6 25.Nxb6 exd4 26.Nxd7 Rf7 27.
Nf6+ Kh8 28.Rh6 1-0

[Event "4th American Continental (w)"]
[Site "San Luis ARG"]
[Date "2007.09.02"]
[Round "6.6"]
[White "Buttner, Natalia"]
[Black "Pina Vega, Sulennis"]
[Result "1/2-1/2"]
[WhiteElo "2064"]
[BlackElo "2294"]
[EventDate "2007.08.28"]
[PlyCount "71"]

1.e4 c5 2.Nf3 d6 3.d4 cxd4 4.Nxd4 Nf6 5.Nc3 Nc6 6.Nxc6 bxc6 7.Bd3 e5 8.O-O
Be7 9.Kh1 O-O 10.Qe1 Be6 11.Bd2 Nd7 12.Na4 d5 13.f4 dxe4 14.Qxe4 Nf6 15.
Qxe5 Bd6 16.Qg5 h6 17.Qh4 Be7 18.Qg3 Bc4 19.Bc3 Bb5 20.Bxf6 Bxf6 21.Bxb5 
cxb5 22.Nc3 Rc8 23.Rad1 Qa5 24.Nd5 Bd8 25.Qb3 Kh8 26.f5 Rc4 27.f6 g6 28.
Ne7 Qc7 29.Qh3 Kh7 30.Rd7 Rf4 31.Rc1 Qc4 32.Qd3 Rxf6 33.Nxg6 Rxg6 34.Rxd8 
Rxd8 35.Qxd8 Qxa2 36.Qd4 1/2-1/2

[Event "4th American Continental (w)"]
[Site "San Luis ARG"]
[Date "2007.09.02"]
[Round "6.7"]
[White "Zepeda Cortez, Sonia"]
[Black "Amed, Stephanie"]
[Result "1/2-1/2"]
[WhiteElo "2045"]
[BlackElo "2082"]
[EventDate "2007.08.28"]
[PlyCount "55"]

1.e4 e6 2.d3 d5 3.Nd2 c5 4.Ngf3 Nf6 5.g3 Nc6 6.Bg2 Be7 7.O-O b6 8.Re1 Bb7 
9.e5 Nd7 10.Nf1 Qc7 11.Qe2 h6 12.c3 g5 13.h3 O-O-O 14.d4 Rdg8 15.Be3 h5 
16.N3d2 Nf8 17.a4 Ng6 18.a5 Rh7 19.axb6 axb6 20.Kh1 g4 21.h4 Rhh8 22.Ra2 
Kd7 23.Rea1 Ra8 24.Rxa8 Rxa8 25.Rxa8 Bxa8 26.Qa6 Bb7 27.Qb5 Kd8 28.Kg1 
1/2-1/2

[Event "4th American Continental (w)"]
[Site "San Luis ARG"]
[Date "2007.09.02"]
[Round "6.9"]
[White "Plazaola, Maria De los Angeles"]
[Black "Justo, Virginia"]
[Result "1-0"]
[WhiteElo "2061"]
[BlackElo "2148"]
[EventDate "2007.08.28"]
[PlyCount "49"]

1.e4 c5 2.d4 cxd4 3.c3 Nf6 4.e5 Nd5 5.cxd4 e6 6.Nc3 Nxc3 7.bxc3 Qc7 8.Bd2 
d6 9.f4 Nd7 10.Bd3 g6 11.Nf3 Bg7 12.Ng5 O-O 13.Qg4 Rd8 14.O-O Nf8 15.Ne4 
dxe5 16.fxe5 Bd7 17.Bg5 Bc6 18.Bxd8 Rxd8 19.Nf6+ Kh8 20.Qh4 b5 21.Rf2 Rb8 
22.Raf1 Rb7 23.Nxh7 Nxh7 24.Rxf7 Qxf7 25.Rxf7 1-0

[Event "4th American Continental (w)"]
[Site "San Luis ARG"]
[Date "2007.09.02"]
[Round "6.10"]
[White "Burijovich, Liliana"]
[Black "Vargas Talavera, Gabriela"]
[Result "1/2-1/2"]
[WhiteElo "2227"]
[BlackElo "2118"]
[EventDate "2007.08.28"]
[PlyCount "52"]

1.e4 e6 2.d4 d5 3.Nd2 Nf6 4.e5 Nfd7 5.Bd3 c5 6.c3 Nc6 7.Ne2 cxd4 8.cxd4 f6
9.exf6 Nxf6 10.Nf3 Bd6 11.O-O O-O 12.Bg5 Qc7 13.Nc3 a6 14.Bh4 Bd7 15.Rc1 
Bf4 16.Bg3 Bxg3 17.fxg3 Qd6 18.Qd2 e5 19.dxe5 Nxe5 20.Nxe5 Qxe5 21.Qf4 
Rae8 22.Qxe5 Rxe5 23.Rf4 Rfe8 24.Rd4 Bc6 25.h3 h6 26.g4 R8e7 1/2-1/2

[Event "4th American Continental (w)"]
[Site "San Luis ARG"]
[Date "2007.09.02"]
[Round "6.11"]
[White "Chang, Suzana"]
[Black "Mateus Urbano, Martha"]
[Result "1-0"]
[WhiteElo "2091"]
[BlackElo "2127"]
[EventDate "2007.08.28"]
[PlyCount "105"]

1.e4 c5 2.Nf3 d6 3.g3 Nc6 4.Bg2 g6 5.O-O Bg7 6.c3 Bg4 7.h3 Bxf3 8.Qxf3 Nf6
9.d3 O-O 10.Nd2 Nd7 11.Qe2 Rb8 12.a4 a6 13.Nf3 b5 14.axb5 axb5 15.Be3 b4 
16.d4 Qc7 17.Ra6 bxc3 18.bxc3 cxd4 19.cxd4 Nb4 20.Ra3 Rfc8 21.Rc1 Qb7 22.
Rxc8+ Qxc8 23.Ra7 Nc2 24.Rxd7 Nxe3 25.Rxe7 Rb1+ 26.Kh2 Nxg2 27.Qa2 Qf8 28.
Qxb1 Nh4 29.Nxh4 Qxe7 30.Nf3 h5 31.h4 Bf6 32.Kg2 Kg7 33.Qd3 Qb7 34.Qe3 Qc6
35.Kh2 Kg8 36.e5 dxe5 37.Nxe5 Qd5 38.Qf4 Qe6 39.Qe4 Kg7 40.Kg2 Kg8 41.Qc6 
Qxc6+ 42.Nxc6 Kf8 43.Kf3 Ke8 44.Ke4 Kd7 45.Kd5 Bg7 46.Ne5+ Ke7 47.Kc6 Ke6 
48.Nf3 Kf5 49.d5 Kg4 50.Ng5 Bf6 51.d6 Bd8 52.Nxf7 Bf6 53.Ng5 1-0

[Event "4th American Continental (w)"]
[Site "San Luis ARG"]
[Date "2007.09.02"]
[Round "6.12"]
[White "Lovece, Ruth"]
[Black "Maggiolo, Elisa"]
[Result "0-1"]
[WhiteElo "2005"]
[BlackElo "2119"]
[EventDate "2007.08.28"]
[PlyCount "92"]

1.e4 c5 2.Nf3 Nc6 3.d4 cxd4 4.Nxd4 Nf6 5.Nc3 e5 6.Ndb5 d6 7.Bg5 a6 8.Na3 
b5 9.Bxf6 gxf6 10.Nd5 Bg7 11.c3 f5 12.exf5 Bxf5 13.Nc2 O-O 14.Nce3 Be6 15.
g3 f5 16.Bh3 Rb8 17.O-O Qd7 18.f4 b4 19.Qd2 a5 20.Rfd1 Kh8 21.a3 bxc3 22.
bxc3 a4 23.Bf1 Na5 24.Rab1 Qa7 25.Qf2 Qc5 26.Rb4 Bd7 27.Nc2 Nb3 28.Qxc5 
Nxc5 29.Nb6 Bc6 30.Rxd6 Be4 31.Ne1 exf4 32.Rc4 Be5 33.Rd1 fxg3 34.hxg3 
Bxg3 35.Nxa4 Nxa4 36.Rxa4 Rb2 37.Bc4 h5 38.Ra6 f4 39.Rd7 Bf2+ 40.Kf1 Bb6 
41.a4 f3 42.a5 Rf2+ 43.Kg1 Rg2+ 44.Kh1 Be3 45.Re7 Rg1+ 46.Kh2 Rxe1 0-1

[Event "4th American Continental (w)"]
[Site "San Luis ARG"]
[Date "2007.09.02"]
[Round "6.13"]
[White "Malajovich, Sandra"]
[Black "Colautti, Marcela"]
[Result "1-0"]
[WhiteElo "2095"]
[BlackElo "1929"]
[EventDate "2007.08.28"]
[PlyCount "87"]

1.d4 e6 2.c4 f5 3.Nf3 Nf6 4.g3 Be7 5.Bg2 O-O 6.O-O d6 7.b3 Qe8 8.Bb2 Qh5 
9.Nfd2 Nc6 10.e4 Qh6 11.exf5 exf5 12.Re1 f4 13.Bxc6 fxg3 14.hxg3 Ng4 15.
Bd5+ Kh8 16.Nf3 Nxf2 17.Kxf2 Qh2+ 18.Ke3 Qxb2 19.Qd2 Qxa1 20.Nc3 Bg4 21.
Kd3 Bf5+ 22.Ke2 Rae8 23.Kf2 Bg5 24.Rxe8 Rxe8 25.Nxg5 Bg6 26.Ne2 c6 27.Bg2 
h6 28.Nf3 Qb1 29.Nf4 Bh7 30.d5 c5 31.Ne6 Bf5 32.Nf4 Bh7 33.Ne6 Qf5 34.Qf4 
Qc2+ 35.Qd2 Qb1 36.Bh3 Be4 37.Bg2 Kg8 38.Nh4 Bh7 39.Nf3 Bf5 40.Nf4 Qa1 41.
Bh3 Be4 42.Be6+ Kh7 43.Qe2 Qb1 44.Nd2 1-0

[Event "4th American Continental (w)"]
[Site "San Luis ARG"]
[Date "2007.09.03"]
[Round "7.1"]
[White "Sanchez Castillo, Sarai"]
[Black "Cori Tello, Deysi"]
[Result "1/2-1/2"]
[WhiteElo "2340"]
[BlackElo "2144"]
[EventDate "2007.08.28"]
[PlyCount "82"]

1.e4 e6 2.d4 d5 3.Nc3 Bb4 4.exd5 exd5 5.Bd3 Nc6 6.a3 Bxc3+ 7.bxc3 Nge7 8.
Rb1 O-O 9.Qh5 g6 10.Qd1 b6 11.Ne2 Bf5 12.Ng3 Bxd3 13.cxd3 f5 14.Bf4 Nc8 
15.h4 Re8+ 16.Kf1 Nd6 17.h5 Qf6 18.hxg6 hxg6 19.Qf3 Qe6 20.Bd2 Nf7 21.Re1 
Qd6 22.Ne2 Rad8 23.Qh3 Kg7 24.Qh7+ Kf6 25.Nf4 Rxe1+ 26.Kxe1 Ne7 27.Qh4+ 
Kg7 28.Qg3 Rh8 29.Rxh8 Kxh8 30.a4 g5 31.Qh3+ Kg8 32.Nh5 Qg6 33.f4 c6 34.
fxg5 Nxg5 35.Qh4 Nf7 36.Nf4 Qg5 37.Qf2 Qf6 38.Qg3+ Qg5 39.Qf2 Qf6 40.Qe3 
Ng6 41.Nxg6 Qxg6 1/2-1/2